| 000 | 00412nam a2200133Ia 4500 | ||
|---|---|---|---|
| 008 | 231017s9999 xx 000 0 und d | ||
| 082 | _a620.11 | ||
| 082 | _bZEM | ||
| 245 | 0 | _aModelling the Time to Corrosion Initiation for Concretes with Mineral Admixtures and/Or Corrosion Inhibitors in Chloride-Laden Environments | |
| 245 | 0 | _cJerzy Zemajtis | |
| 260 | _bJerzy Zemajtis | ||
| 300 | _c30cm | ||
| 942 | _cREP | ||
| 999 |
_c603904 _d603904 |
||